000 00380 a2200145 4500
005 20250522131436.0
020 _a978-1-85604-370-0
082 _a658.4
100 _aSHEPHERD, E.
245 _aManaging Records: A handbook of Principles and Practice.
260 _aLondon,
_bFacet Publishing,
_c2003.
300 _axiv,317p.;
_bill.;
_c23cm.
700 _aYEO, G.
942 _2ddc
_cBKS
999 _c2517
_d2517